Neuro-Development and Psychological Issues in Congenital Heart Defects (Record no. 50292)
[ view plain ]
| 000 -LEADER | |
|---|---|
| fixed length control field | 01493nam a2200253Ia 4500 |
| 000 - LEADER | |
| fixed length control field | 01927naaa 00337uu |
| 001 - CONTROL NUMBER | |
| control field | https://directory.doabooks.org/handle/20.500.12854/54484 |
| 005 - DATE AND TIME OF LATEST TRANSACTION | |
| control field | 20260218105847.0 |
| 008 - FIXED-LENGTH DATA ELEMENTS--GENERAL INFORMATION | |
| fixed length control field | 211013s9999 xx 000 0 und d |
| 020 ## - INTERNATIONAL STANDARD BOOK NUMBER | |
| International Standard Book Number | 978-2-88945-428-0 |
| 024 ## - OTHER STANDARD IDENTIFIER | |
| Standard number or code | 10.3389/978-2-88945-428-0 |
| 042 ## - AUTHENTICATION CODE | |
| Authentication code | dc |
| 245 #0 - TITLE STATEMENT | |
| Title | Neuro-Development and Psychological Issues in Congenital Heart Defects |
| 260 ## - PUBLICATION, DISTRIBUTION, ETC. | |
| Name of publisher, distributor, etc. | Frontiers Media SA |
| Date of publication, distribution, etc. | 2018 |
| 300 ## - PHYSICAL DESCRIPTION | |
| Extent | 1 electronic resource (87 p.) |
| 520 ## - SUMMARY, ETC. | |
| Summary, etc. | The advances in the peri-operative management of congenital heart defects have substantially improved the survival of infants over the last few decades, reaching >95% survival in the reports of the international congenital data-base from the European Association of Cardio-Thoracic Surgery and form the Society of Thoracic Surgery (North-America). Nevertheless, the surviving children often experience neurodevelopmental deficits and behavioral, emotional and social issues. These problems often have a profound impact on the quality of life of the growing population of these children at risk and their families. |
| 540 ## - TERMS GOVERNING USE AND REPRODUCTION NOTE | |
| Terms governing use and reproduction | Creative Commons |
| 653 ## - INDEX TERM--UNCONTROLLED | |
| Uncontrolled term | Heart |
| 700 1# - ADDED ENTRY--PERSONAL NAME | |
| Personal name | Antonio F. Corno |
| 700 1# - ADDED ENTRY--PERSONAL NAME | |
| Personal name | Elisabeth M.W.J. Utens |
| 856 ## - ELECTRONIC LOCATION AND ACCESS | |
| Uniform Resource Identifier | <a href="https://docs.google.com/spreadsheets/d/1yKIrdCPDAG_9c22mwoOIO2DOhtj65Wqa/edit?usp=sharing&ouid=106555315294820607512&rtpof=true&sd=true ">https://docs.google.com/spreadsheets/d/1yKIrdCPDAG_9c22mwoOIO2DOhtj65Wqa/edit?usp=sharing&ouid=106555315294820607512&rtpof=true&sd=true </a> |
| Link text | List of Curated E-Books |
| 942 ## - ADDED ENTRY ELEMENTS (KOHA) | |
| Koha item type | E-Book |
| Withdrawn status | Source of classification or shelving scheme | Damaged status | Not for loan | Home library | Current library | Date acquired | Total Checkouts | Date last seen | Price effective from | Koha item type |
|---|---|---|---|---|---|---|---|---|---|---|
| Library of Congress Classification | Not For Loan | Directory of Open Access Books | Directory of Open Access Books | 12/22/2021 | 12/22/2021 | 12/22/2021 | E-Book |